[Event "Ljubljana op 15th"]
[Site "Ljubljana"]
[Date "2004.07.15"]
[Round "8"]
[White "Perman, Evgeniy"]
[Black "Sebenik, Matej"]
[Result "0-1"]
[WhiteElo "2098"]
[BlackElo "2426"]
[PlyCount "52"]
[EventDate "2004.07.10"]
[EventType "swiss"]
[EventRounds "9"]
[EventCountry "SLO"]
[SourceTitle "CBM 101 Extra"]
[Source "ChessBase"]
[SourceDate "2004.09.01"]
[SourceVersion "2"]
[SourceVersionDate "2004.09.01"]
[SourceQuality "1"]

1. e4 e6 2. d4 d5 3. Nd2 Nf6 4. e5 Nfd7 5. Bd3 c5 6. c3 Nc6 7. Ndf3 Qa5 8. Kf1 Qb6 9. Ne2 Be7 10. g3 0-0 11. Kg2 f6 12. exf6 Bxf6 13. Bc2 Rd8 14. Qd3 Nf8 15. Ng5 c4 16. Qd1 e5 17. dxe5 Nxe5 18. Nd4 Bg4 19. f3 Bh5 20. Bf4 Nc6 21. Nge6 Nxd4 22. Nxd4 Bxd4 23. cxd4 Qxb2 24. Rb1 Qxa2 25. Rxb7 Bg6 26. Be5 Rd7 0-1

[Event "Wch U14"]
[Site "Chalkidiki"]
[Date "2003.10.25"]
[Round "3"]
[White "Coleman, Teddy"]
[Black "Perman, Evgeniy"]
[Result "1/2-1/2"]
[WhiteElo "2275"]
[BlackElo "2102"]
[PlyCount "103"]
[EventDate "2003.10.23"]
[EventType "swiss"]
[EventRounds "11"]
[EventCountry "GRE"]
[SourceTitle "EXT 2004"]
[Source "ChessBase"]
[SourceDate "2003.11.25"]
[SourceVersion "1"]
[SourceVersionDate "2003.11.25"]
[SourceQuality "1"]

1. c4 c5 2. Nf3 Nf6 3. Nc3 d5 4. cxd5 Nxd5 5. g3 Nc6 6. Bg2 Nc7 7. d3 e5 8. Be3 Be7 9. Rc1 Be6 10. Ne4 b6 11. b4 Nxb4 12. Nxe5 0-0 13. f4 Ncd5 14. Bd2 f6 15. Nf3 Nxa2 16. Ra1 Nab4 17. 0-0 a5 18. Nf2 Nc7 19. g4 Qd7 20. f5 Bf7 21. Nh3 Rad8 22. Rf2 c4 23. d4 Nb5 24. e3 c3 25. Bc1 c2 26. Qf1 Rc8 27. Nd2 Na2 28. g5 Nxc1 29. Rxc1 fxg5 30. f6 Bxf6 31. Ne4 Bg6 32. Rxf6 Rxf6 33. Nxf6+ gxf6 34. Qxf6 Rf8 35. Qxg5 Rf5 36. Qg3 Nxd4 37. exd4 Qxd4+ 38. Nf2 Qd2 39. Nd3 Qd1+ 40. Qe1 Qxd3 41. Qe6+ Rf7 42. Qe8+ Kg7 43. Qe5+ Kh6 44. Qe1 Qd4+ 45. Kh1 Qf4 46. Kg1 Rd7 47. Kh1 Qxc1 48. Qxc1+ Kg7 49. Qb2+ Kh6 50. Qc1+ Kg7 51. Qb2+ Kh6 52. Qc1+ 1/2-1/2

[Event "Wch U14"]
[Site "Chalkidiki"]
[Date "2003.10.24"]
[Round "2"]
[White "Perman, Evgeniy"]
[Black "Leon Hoyos, Manuel"]
[Result "1-0"]
[WhiteElo "2102"]
[BlackElo "2303"]
[PlyCount "53"]
[EventDate "2003.10.23"]
[EventType "swiss"]
[EventRounds "11"]
[EventCountry "GRE"]
[SourceTitle "EXT 2004"]
[Source "ChessBase"]
[SourceDate "2003.11.25"]
[SourceVersion "1"]
[SourceVersionDate "2003.11.25"]
[SourceQuality "1"]

1. e4 c5 2. Nf3 g6 3. d4 Bg7 4. Nc3 cxd4 5. Nxd4 Nc6 6. Nb3 Nf6 7. Be2 0-0 8. 0-0 d6 9. Bg5 Be6 10. f4 Rc8 11. Kh1 a6 12. Bf3 Nd7 13. Rb1 Nb6 14. Nd5 Nc4 15. c3 Re8 16. Qe2 N6a5 17. Nxa5 Bxd5 18. exd5 Qxa5 19. a3 Nb6 20. Rbd1 Qa4 21. f5 Nc4 22. fxg6 hxg6 23. Bg4 Rc7 24. Rxf7 Ne5 25. Rf4 Rc4 26. Be6+ Kh7 27. Rdd4 1-0

[Event "World Youth Stars 1st"]
[Site "Kirishi"]
[Date "2003.08.12"]
[Round "10"]
[White "Sjugirov, Sanan"]
[Black "Perman, Evgeniy"]
[Result "1/2-1/2"]
[WhiteElo "2296"]
[BlackElo "2081"]
[PlyCount "90"]
[EventDate "2003.08.02"]
[EventType "tourn"]
[EventRounds "11"]
[EventCountry "RUS"]
[EventCategory "1"]
[SourceTitle "CBM 095 Extra"]
[Source "ChessBase"]
[SourceDate "2003.09.04"]
[SourceVersion "1"]
[SourceVersionDate "2003.09.04"]
[SourceQuality "1"]

1. e4 c5 2. Nf3 d6 3. Bb5+ Bd7 4. a4 Nf6 5. e5 dxe5 6. Nxe5 a6 7. Bc4 e6 8. 0-0 Nc6 9. Nxd7 Qxd7 10. d3 Be7 11. Bg5 h6 12. Bxf6 Bxf6 13. Qc1 0-0 14. Nd2 Bg5 15. Qd1 Bxd2 16. Qxd2 b6 17. Rfd1 Rfd8 18. Bb3 Nd4 19. Ba2 Rac8 20. c3 Nc6 21. Qe2 a5 22. Bb3 Qe7 23. Bc2 Qf6 24. Re1 g6 25. Qe3 h5 26. f4 Ne7 27. Qf2 Nc6 28. Re3 Rd6 29. Rae1 Ne7 30. Re4 Rcd8 31. Qf3 Kg7 32. Rf1 Nf5 33. g3 Rd5 34. Rfe1 Nd6 35. R4e2 Nf5 36. Kg2 R5d6 37. Qf2 Qe7 38. Kg1 Qf6 39. Re5 Rd5 40. R5e2 R5d6 41. Rd2 Rd5 42. Rde2 R5d6 43. Re4 R8d7 44. Re5 Rd5 45. R5e2 Rd8 1/2-1/2

[Event "Bled op 24th"]
[Site "Bled"]
[Date "2003.07.15"]
[Round "2"]
[White "Perman, Evgeniy"]
[Black "Pandurevic, Miro"]
[Result "0-1"]
[WhiteElo "2081"]
[BlackElo "2260"]
[PlyCount "84"]
[EventDate "2003.07.14"]
[EventType "swiss"]
[EventRounds "9"]
[EventCountry "SLO"]
[SourceTitle "CBM 095 Extra"]
[Source "ChessBase"]
[SourceDate "2003.09.04"]
[SourceVersion "1"]
[SourceVersionDate "2003.09.04"]
[SourceQuality "1"]

1. e4 e6 2. d4 d5 3. Nd2 Nc6 4. c3 e5 5. exd5 Qxd5 6. Ngf3 exd4 7. Bc4 Qh5 8. cxd4 Bg4 9. Qa4 Bd7 10. 0-0 Bd6 11. d5 Nd4 12. Qd1 Bg4 13. h3 Nxf3+ 14. Nxf3 Bxf3 15. Qxf3 Qxf3 16. gxf3 0-0-0 17. Be3 a6 18. Kh1 Ne7 19. Rg1 Be5 20. Rab1 Nxd5 21. Bg5 f6 22. Be3 g5 23. Bxg5 fxg5 24. Rxg5 Rhe8 25. Bxd5 Rxd5 26. f4 Rd2 27. fxe5 Rxf2 28. Rg7 h6 29. Rh7 Rxe5 30. Rxh6 Ree2 31. Rh8+ Kd7 32. Rh7+ Kc6 33. Rh6+ Kb5 34. Rh5+ Kb6 35. b4 Rh2+ 36. Kg1 Reg2+ 37. Kf1 Rxa2 38. Kg1 Rag2+ 39. Kf1 Rg3 40. Re1 Rgxh3 41. Re6+ c6 42. Rf5 Rb2 0-1